[Event "La Vila Region-ch Preferente"]
[Site "La Vila"]
[Date "2015.11.21"]
[Round "7.2"]
[White "Zotes Flecha, Luis"]
[Black "Lledo Moll, Carles"]
[Result "1/2-1/2"]
[WhiteElo "1762"]
[BlackElo "1649"]
[PlyCount "42"]
[EventDate "2015.10.03"]
[EventType "swiss"]
[EventRounds "7"]
[EventCountry "ESP"]
[SourceTitle "EXT 2024"]
[Source "ChessBase"]
[SourceDate "2023.10.10"]
[SourceVersion "1"]
[SourceVersionDate "2023.10.10"]
[SourceQuality "1"]

1. c4 e5 2. e4 Bc5 3. d3 d6 4. Be2 Nc6 5. Nf3 Bg4 6. Nc3 Bxf3 7. Bxf3 Nd4 8. Be3 c6 9. 0-0 Ne7 10. Bxd4 Bxd4 11. Ne2 Qb6 12. Nxd4 Qxd4 13. Qd2 0-0 14. Qe3 Qb6 15. b4 c5 16. Rab1 Rab8 17. a4 Qc6 18. b5 Qc7 19. Qd2 a5 20. Bg4 h6 21. f4 f5 1/2-1/2

[Event "La Vila Region-ch Preferente"]
[Site "La Vila"]
[Date "2015.11.14"]
[Round "6.3"]
[White "Lledo Moll, Carles"]
[Black "Costa Correas, Francisco"]
[Result "1-0"]
[WhiteElo "1649"]
[BlackElo "1618"]
[PlyCount "67"]
[EventDate "2015.10.03"]
[EventType "swiss"]
[EventRounds "7"]
[EventCountry "ESP"]
[SourceTitle "EXT 2024"]
[Source "ChessBase"]
[SourceDate "2023.10.10"]
[SourceVersion "1"]
[SourceVersionDate "2023.10.10"]
[SourceQuality "1"]

1. d4 Nf6 2. c4 e6 3. Nc3 c6 4. Nf3 d5 5. e3 Be7 6. Bd3 0-0 7. 0-0 h6 8. Ne5 Nbd7 9. f4 a6 10. c5 Qc7 11. Bd2 b5 12. b4 a5 13. bxa5 Ba6 14. Ne2 Ne4 15. a4 Nxd2 16. Qxd2 Rfb8 17. axb5 cxb5 18. Nxd7 Qxd7 19. Qb4 Ra7 20. Nc3 g5 21. f5 f6 22. Qb3 b4 23. Bxa6 Rxa6 24. fxe6 Rxe6 25. Nxd5 Kg7 26. Nxe7 Qxe7 27. Rfe1 Re4 28. a6 f5 29. Kf2 h5 30. a7 Ra8 31. Qxb4 Rxa7 32. Rxa7 Qxa7 33. c6 f4 34. Qb7+ 1-0

[Event "Cullera op-B 29th"]
[Site "Cullera"]
[Date "2012.08.29"]
[Round "7"]
[White "Lledo Moll, Carles"]
[Black "Albo Ruiz, Jose Martin"]
[Result "0-1"]
[WhiteElo "1544"]
[BlackElo "1917"]
[PlyCount "52"]
[EventDate "2012.08.25"]
[EventType "swiss"]
[EventRounds "9"]
[EventCountry "ESP"]
[SourceTitle "CBM 150 Extra"]
[Source "ChessBase"]
[SourceDate "2012.10.19"]
[SourceVersion "1"]
[SourceVersionDate "2012.10.19"]
[SourceQuality "1"]

1. d4 Nf6 2. c4 c5 3. d5 e6 4. Nc3 exd5 5. cxd5 d6 6. e4 g6 7. h3 Bg7 8. f4 0-0 9. Nf3 Nxe4 10. Nxe4 Re8 11. Bd3 f5 12. Qc2 fxe4 13. Bxe4 Bf5 14. Nd2 Qe7 15. 0-0 Bd4+ 16. Kh2 Bxe4 17. Qb3 Bf5 18. Nf3 Na6 19. Re1 Qc7 20. Rxe8+ Rxe8 21. Nxd4 cxd4 22. Qa4 Re1 23. b3 Bd7 24. Qc4 Qxc4 25. bxc4 d3 26. Kg3 d2 0-1

[Event "ESP-ch U12"]
[Site "Salobrena"]
[Date "2012.07.03"]
[Round "3.10"]
[White "Lledo Moll, Carles"]
[Black "Plazuelo Pascual, Juan"]
[Result "0-1"]
[WhiteElo "1551"]
[BlackElo "1703"]
[PlyCount "34"]
[EventDate "2012.07.02"]
[EventType "swiss"]
[EventRounds "9"]
[EventCountry "ESP"]
[SourceTitle "EXT 2024"]
[Source "ChessBase"]
[SourceDate "2023.10.10"]
[SourceVersion "1"]
[SourceVersionDate "2023.10.10"]
[SourceQuality "1"]

1. d4 Nf6 2. c4 g6 3. Nc3 Bg7 4. e4 d6 5. Nf3 0-0 6. Be2 e5 7. d5 a5 8. Rb1 Nbd7 9. 0-0 Nh5 10. Nxe5 Nxe5 11. Bxh5 gxh5 12. b3 Qh4 13. f4 Ng4 14. h3 Bxc3 15. hxg4 hxg4 16. Qd3 g3 17. Rf3 Qh2+ 0-1